| 000 | 00722nam a22001337a 4500 | ||
|---|---|---|---|
| 008 | 110613t xxu||||| |||| 00| 0 eng d | ||
| 010 | _aSCCAF 26 | ||
| 245 | _aThe Supreme Court Criminal Appeal No. 20 of 1994 Appolo Nasolo Wamanga Vs Uganda. | ||
| 260 | _c1994 | ||
| 500 | _aCoram: Odoki , J.S.C., Oder, J.S.C., & Tsekooko , J.S.C. | ||
| 500 | _aAppeal against conviction and sentence of the High Court decision holden at Mbale (by S.G. Engwau , J.) dated 21 may 1994 in High Court Criminal Session Case No . 89 of 1993 | ||
| 999 |
_c2787 _d2787 |
||